Loading...
Trueman's UGC NET/SLET Paper I - common for all subjects /
| Main Author: | |
|---|---|
| Other Authors: | |
| Format: | Printed Book |
| Language: | English |
| Published: |
New Delhi :
Danika Publishing Co.,
2005.
|
| LEADER | 00535nam a22001457a 4500 | ||
|---|---|---|---|
| 008 | 170727b xxu||||| |||| 00| 0 eng d | ||
| 999 | |c 164206 |d 164206 | ||
| 082 | |a 371.262 | ||
| 100 | |a Kumar, Sajit | ||
| 245 | |a Trueman's UGC NET/SLET Paper I - common for all subjects / |c Gagan, M. | ||
| 260 | |b Danika Publishing Co., |c 2005. |a New Delhi : | ||
| 300 | |a vi, 391+8 p. | ||
| 700 | |a Gagan, M. | ||
| 942 | |c REF | ||
| 952 | |0 0 |1 0 |4 0 |6 371_262000000000000_KUM_U |7 0 |9 180487 |a CMS |b CMS |c REF |d 2017-07-27 |i 8684 |l 0 |o 371.262 KUM/U |p CMS8684 |r 2017-07-27 |w 2017-07-27 |y REF | ||